[Event "MP do 18 lat - chlopcy"]
[Site "Sypniewo"]
[Date "2022.03.20"]
[Round "2.5"]
[White "Poltorak, Sebastian"]
[Black "Turski, Bartlomiej"]
[Result "1-0"]
[BlackElo "2220"]
[WhiteElo "2303"]
[LiveChessVersion "1.4.8"]

1. d4 {[%clk 1:30:46]} Nf6 {[%clk 1:30:54]} 2. c4 {[%clk 1:31:11]} g6
{[%clk 1:31:19]} 3. f3 {[%clk 1:31:38]} c5 {[%clk 1:31:41]} 4. d5
{[%clk 1:32:04]} d6 {[%clk 1:32:05]} 5. e4 {[%clk 1:32:30]} Bg7 {[%clk 1:32:08]}
6. Ne2 {[%clk 1:32:54]} e6 {[%clk 1:32:17]} 7. Nec3 {[%clk 1:33:20]} a6
{[%clk 1:32:23]} 8. a4 {[%clk 1:33:38]} Nh5 {[%clk 1:30:49]} 9. Be3
{[%clk 1:26:07]} exd5 {[%clk 1:30:46]} 10. cxd5 {[%clk 1:26:09]} f5
{[%clk 1:31:09]} 11. Qd2 {[%clk 1:18:39]} O-O {[%clk 1:30:40]} 12. Be2
{[%clk 1:13:10]} f4 {[%clk 1:29:05]} 13. Bf2 {[%clk 1:13:35]} b6 {[%clk 1:29:29]}
14. Na3 {[%clk 1:03:08]} Nd7 {[%clk 1:25:13]} 15. Rb1 {[%clk 0:51:29]} Ne5
{[%clk 1:11:36]} 16. Nc4 {[%clk 0:43:50]} Qc7 {[%clk 1:05:41]} 17. O-O
{[%clk 0:39:51]} Bd7 {[%clk 0:59:22]} 18. Rfc1 {[%clk 0:37:31]} Nxc4
{[%clk 0:50:07]} 19. Bxc4 {[%clk 0:37:54]} Be5 {[%clk 0:49:59]} 20. b4
{[%clk 0:35:13]} Kh8 {[%clk 0:42:22]} 21. Qd3 {[%clk 0:29:08]} Bc8
{[%clk 0:38:07]} 22. Ne2 {[%clk 0:25:27]} g5 {[%clk 0:35:33]} 23. h3
{[%clk 0:22:44]} Nf6 {[%clk 0:33:32]} 24. Bb3 {[%clk 0:21:48]} Qe7
{[%clk 0:22:37]} 25. a5 {[%clk 0:21:51]} Nd7 {[%clk 0:21:01]} 26. axb6
{[%clk 0:21:01]} Rb8 {[%clk 0:21:12]} 27. Ba4 {[%clk 0:10:53]} c4
{[%clk 0:12:20]} 28. Rxc4 {[%clk 0:11:20]} Nxb6 {[%clk 0:12:46]} 29. Bxb6
{[%clk 0:11:48]} Rxb6 {[%clk 0:13:15]} 30. Rbc1 {[%clk 0:12:13]} Qb7
{[%clk 0:12:24]} 31. Qc2 Qa7 {[%clk 0:10:37]} 32. Kh1 {[%clk 0:11:36]} Rb8
{[%clk 0:11:01]} 33. Rc7 {[%clk 0:08:57]} Qe3 {[%clk 0:10:29]} 34. Ng1
{[%clk 0:06:54]} h5 {[%clk 0:08:51]} 35. Bd7 {[%clk 0:05:35]} Bxd7
{[%clk 0:08:08]} 36. Rxd7 {[%clk 0:06:02]} Rxb4 {[%clk 0:06:13]} 37. Qc7
{[%clk 0:04:15]} Qb6 {[%clk 0:06:27]} 38. Rh7+ {[%clk 0:02:41]} Kg8
{[%clk 0:06:57]} 39. Qd7 {[%clk 0:01:44]} Qd8 {[%clk 0:05:35]} 40. Qa7
{[%clk 0:32:05]} Bd4 {[%clk 0:35:15]} 41. Rcc7 {[%clk 0:32:25]} Qf6
{[%clk 0:29:34]} 42. Rcg7+ {[%clk 0:22:35]} Qxg7 {[%clk 0:29:57]} 43. Rxg7+
{[%clk 0:23:02]} Bxg7 {[%clk 0:30:22]} 44. Qe7 {[%clk 0:23:10]} Rb1
{[%clk 0:17:41]} 45. Kh2 {[%clk 0:22:56]} g4 {[%clk 0:11:19]} 46. hxg4
{[%clk 0:18:15]} hxg4 {[%clk 0:11:46]} 47. fxg4 {[%clk 0:17:28]} Bf6
{[%clk 0:07:14]} 48. Qxd6 {[%clk 0:14:38]} Kg7 {[%clk 0:06:19]} 49. g5
{[%clk 0:10:43]} Rh8+ {[%clk 0:03:53]} 50. Nh3 {[%clk 0:11:08]} Bd4
{[%clk 0:04:17]} 51. Qc7+ {[%clk 0:11:33]} Kg6 {[%clk 0:02:58]} 52. Qxf4
{[%clk 0:11:55]} Re8 {[%clk 0:01:09]} 53. Qf5+ {[%clk 0:11:28]} Kg7
{[%clk 0:01:30]} 54. Qd7+ {[%clk 0:10:11]} Kf8 {[%clk 0:01:59]} 55. Nf4
{[%clk 0:09:01]} Be5 {[%clk 0:02:25]} 56. g3 {[%clk 0:09:28]} Rbb8
{[%clk 0:01:22]} 57. g6 {[%clk 0:09:14]} 1-0

[Event "MP do 18 lat - chlopcy"]
[Site "Sypniewo"]
[Date "2022.03.20"]
[Round "2.6"]
[White "Budzisz, Adrian"]
[Black "Luczak, Filip"]
[Result "1/2-1/2"]
[BlackElo "2300"]
[WhiteElo "2064"]
[LiveChessVersion "1.4.8"]

1. e4 {[%clk 1:30:58]} g6 {[%clk 1:30:57]} 2. d4 {[%clk 1:31:20]} Bg7
{[%clk 1:31:24]} 3. Nc3 {[%clk 1:31:42]} d6 {[%clk 1:31:03]} 4. Be3
{[%clk 1:32:04]} a6 {[%clk 1:26:37]} 5. Qd2 {[%clk 1:31:58]} Nd7 {[%clk 1:24:04]}
6. h4 {[%clk 1:24:49]} b5 {[%clk 1:17:33]} 7. h5 {[%clk 1:20:29]} Bb7
{[%clk 1:09:32]} 8. f3 {[%clk 1:18:00]} Nb6 {[%clk 1:01:49]} 9. a4
{[%clk 1:13:31]} b4 {[%clk 0:54:02]} 10. Nd1 {[%clk 1:13:46]} a5 {[%clk 0:52:35]}
11. c3 {[%clk 1:12:38]} d5 {[%clk 0:47:09]} 12. e5 {[%clk 1:05:31]} bxc3
{[%clk 0:44:23]} 13. Nxc3 {[%clk 1:02:11]} e6 {[%clk 0:42:45]} 14. Qc2
{[%clk 1:00:51]} Ne7 {[%clk 0:38:59]} 15. Bg5 {[%clk 0:53:53]} O-O
{[%clk 0:33:55]} 16. Bd3 {[%clk 0:44:41]} c5 {[%clk 0:26:25]} 17. f4
{[%clk 0:40:14]} cxd4 {[%clk 0:18:12]} 18. Nb5 {[%clk 0:39:24]} Qd7
{[%clk 0:13:57]} 19. hxg6 {[%clk 0:33:03]} Nxg6 {[%clk 0:11:48]} 20. g4
{[%clk 0:28:55]} f5 {[%clk 0:09:47]} 21. Qh2 {[%clk 0:26:53]} Bh8
{[%clk 0:07:26]} 22. Nxd4 {[%clk 0:26:57]} Ba6 {[%clk 0:06:58]} 23. Bxa6
{[%clk 0:26:28]} Rxa6 {[%clk 0:07:27]} 24. Nxe6 {[%clk 0:26:42]} Nc4
{[%clk 0:06:05]} 25. Nc5 {[%clk 0:21:16]} Qa7 {[%clk 0:06:02]} 26. Nxa6
{[%clk 0:21:22]} Ngxe5 {[%clk 0:03:49]} 27. fxe5 {[%clk 0:20:28]} Bxe5
{[%clk 0:04:12]} 28. Qxh7+ {[%clk 0:14:45]} Qxh7 {[%clk 0:04:38]} 29. Rxh7
{[%clk 0:15:07]} Kxh7 {[%clk 0:04:42]} 30. O-O-O {[%clk 0:13:39]} Bxb2+
{[%clk 0:03:31]} 31. Kb1 {[%clk 0:12:55]} fxg4 {[%clk 0:03:38]} 32. Bc1
{[%clk 0:06:49]} Bxc1 {[%clk 0:02:54]} 33. Kxc1 {[%clk 0:06:50]} Ne3
{[%clk 0:03:02]} 34. Re1 {[%clk 0:06:49]} d4 {[%clk 0:03:22]} 35. Kd2
{[%clk 0:07:05]} Rc8 {[%clk 0:02:15]} 1/2-1/2

[Event "MP do 18 lat - chlopcy"]
[Site "Sypniewo"]
[Date "2022.03.20"]
[Round "2.7"]
[White "Seemann, Jakub"]
[Black "Bartlomowicz, Jakub"]
[Result "1-0"]
[BlackElo "1774"]
[WhiteElo "2298"]
[LiveChessVersion "1.4.8"]

1. e4 {[%clk 1:30:57]} e5 {[%clk 1:30:53]} 2. Nf3 {[%clk 1:31:22]} Nc6
{[%clk 1:31:13]} 3. Bb5 {[%clk 1:31:46]} a6 {[%clk 1:31:13]} 4. Ba4
{[%clk 1:32:09]} Nf6 {[%clk 1:31:16]} 5. O-O {[%clk 1:32:33]} Be7
{[%clk 1:30:47]} 6. Re1 {[%clk 1:32:50]} b5 {[%clk 1:30:39]} 7. Bb3
{[%clk 1:33:15]} O-O {[%clk 1:30:44]} 8. a4 {[%clk 1:33:31]} b4 {[%clk 1:28:51]}
9. d4 {[%clk 1:32:04]} d6 {[%clk 1:24:34]} 10. dxe5 {[%clk 1:30:19]} Nxe5
{[%clk 1:23:11]} 11. Nbd2 {[%clk 1:25:50]} Bb7 {[%clk 1:18:24]} 12. Nxe5
{[%clk 1:17:24]} dxe5 {[%clk 1:18:44]} 13. Qf3 {[%clk 1:15:54]} Qd4
{[%clk 1:13:17]} 14. c3 {[%clk 1:12:17]} bxc3 {[%clk 1:04:17]} 15. bxc3
{[%clk 1:10:36]} Qd7 {[%clk 1:04:40]} 16. Nc4 {[%clk 1:09:44]} Bd6
{[%clk 1:04:54]} 17. Bg5 {[%clk 1:08:56]} Qg4 {[%clk 0:58:37]} 18. Qxg4
{[%clk 1:07:31]} Nxg4 {[%clk 0:59:02]} 19. Rab1 {[%clk 0:56:05]} Rab8
{[%clk 0:55:43]} 20. Nxd6 {[%clk 0:54:55]} cxd6 {[%clk 0:55:55]} 21. Be7
{[%clk 0:55:17]} Rfe8 {[%clk 0:55:30]} 22. Bxd6 {[%clk 0:55:36]} Rbd8
{[%clk 0:55:41]} 23. Bxf7+ {[%clk 0:55:04]} 1-0

[Event "MP do 18 lat - chlopcy"]
[Site "Sypniewo"]
[Date "2022.03.20"]
[Round "2.8"]
[White "Suder, Jakub"]
[Black "Ullrich, Karol"]
[Result "1-0"]
[BlackElo "1748"]
[WhiteElo "2321"]
[LiveChessVersion "1.4.8"]

1. d4 {[%clk 1:30:57]} d5 {[%clk 1:30:55]} 2. c4 {[%clk 1:31:23]} c6
{[%clk 1:31:15]} 3. Nf3 {[%clk 1:31:47]} Nf6 {[%clk 1:31:33]} 4. Nc3
{[%clk 1:32:11]} a6 {[%clk 1:31:23]} 5. Qc2 {[%clk 1:31:27]} e6 {[%clk 1:30:49]}
6. e4 {[%clk 1:30:59]} dxe4 {[%clk 1:30:01]} 7. Nxe4 {[%clk 1:31:13]} Nxe4
{[%clk 1:29:39]} 8. Qxe4 {[%clk 1:31:33]} Nd7 {[%clk 1:29:07]} 9. Bd2
{[%clk 1:27:19]} Nf6 {[%clk 1:27:50]} 10. Qe3 {[%clk 1:22:45]} Be7
{[%clk 1:27:52]} 11. Bc3 {[%clk 1:21:46]} O-O {[%clk 1:25:26]} 12. Ne5
{[%clk 1:12:14]} Qc7 {[%clk 1:20:43]} 13. Be2 {[%clk 1:09:48]} b5
{[%clk 1:16:32]} 14. Bf3 {[%clk 1:03:30]} Bb7 {[%clk 1:15:23]} 15. b3
{[%clk 1:01:06]} Rac8 {[%clk 1:09:02]} 16. O-O {[%clk 0:59:41]} c5
{[%clk 1:08:56]} 17. Rad1 {[%clk 0:52:33]} Bxf3 {[%clk 1:07:53]} 18. Qxf3
{[%clk 0:52:01]} bxc4 {[%clk 1:04:48]} 19. Nxc4 {[%clk 0:50:30]} Nd5
{[%clk 1:03:58]} 20. Bb2 {[%clk 0:46:51]} Bf6 {[%clk 1:00:59]} 21. g3
{[%clk 0:39:26]} Qa7 {[%clk 0:52:45]} 22. Qg4 {[%clk 0:34:34]} Rfd8
{[%clk 0:39:18]} 23. Ne5 {[%clk 0:25:47]} Qc7 {[%clk 0:38:19]} 24. Rc1
{[%clk 0:22:21]} Qa5 {[%clk 0:34:05]} 25. a3 {[%clk 0:20:03]} Qd2
{[%clk 0:27:46]} 26. Ba1 {[%clk 0:17:10]} cxd4 {[%clk 0:25:45]} 27. Rxc8
{[%clk 0:12:59]} Rxc8 {[%clk 0:26:01]} 28. Bxd4 {[%clk 0:10:21]} Rc1
{[%clk 0:21:38]} 29. Nf3 {[%clk 0:06:23]} Rxf1+ {[%clk 0:20:13]} 30. Kxf1
{[%clk 0:06:46]} Qd1+ {[%clk 0:18:18]} 31. Kg2 {[%clk 0:07:10]} Bxd4
{[%clk 0:17:19]} 32. Qxd4 {[%clk 0:07:08]} Qxb3 {[%clk 0:16:52]} 33. Qc5
{[%clk 0:06:32]} Qb7 {[%clk 0:16:39]} 34. Qd6 {[%clk 0:04:48]} h6
{[%clk 0:16:21]} 35. h4 {[%clk 0:03:46]} Qb6 {[%clk 0:15:26]} 36. Qd7
{[%clk 0:03:13]} Qc7 {[%clk 0:14:32]} 37. Qe8+ {[%clk 0:02:41]} Kh7
{[%clk 0:14:55]} 38. Qa4 {[%clk 0:01:11]} Qb7 {[%clk 0:12:40]} 39. Qe4+
{[%clk 0:00:38]} g6 {[%clk 0:12:42]} 40. h5 {[%clk 0:30:46]} Qe7 {[%clk 0:38:13]}
41. hxg6+ {[%clk 0:26:53]} fxg6 {[%clk 0:38:34]} 42. Qa4 {[%clk 0:25:45]} Nc7
{[%clk 0:38:19]} 43. Qc6 {[%clk 0:24:54]} Qd8 {[%clk 0:34:59]} 44. Kh2
{[%clk 0:24:35]} h5 {[%clk 0:34:26]} 45. Ne5 {[%clk 0:23:28]} Qe7
{[%clk 0:34:24]} 46. Kg1 {[%clk 0:22:29]} Kh6 {[%clk 0:33:11]} 47. a4
{[%clk 0:20:13]} Kg7 {[%clk 0:32:44]} 48. Qc2 {[%clk 0:20:18]} g5
{[%clk 0:31:09]} 49. Qg6+ {[%clk 0:20:21]} Kf8 {[%clk 0:30:42]} 50. Qxh5
{[%clk 0:20:33]} Qg7 {[%clk 0:30:17]} 51. Qf3+ {[%clk 0:19:40]} Ke7
{[%clk 0:30:33]} 52. Qa3+ {[%clk 0:19:20]} Kf6 {[%clk 0:30:02]} 53. Qd6
{[%clk 0:18:15]} Nd5 {[%clk 0:27:55]} 54. Nf3 {[%clk 0:17:18]} Qc7
{[%clk 0:24:16]} 55. Qxa6 {[%clk 0:15:48]} Qc1+ {[%clk 0:24:18]} 56. Qf1
{[%clk 0:15:37]} Qxf1+ {[%clk 0:23:33]} 57. Kxf1 {[%clk 0:16:04]} g4
{[%clk 0:23:32]} 58. Nh2 {[%clk 0:16:26]} Kf5 {[%clk 0:23:04]} 59. a5
{[%clk 0:16:42]} Nb4 {[%clk 0:23:16]} 60. Ke2 {[%clk 0:17:00]} Na6
{[%clk 0:23:18]} 61. Nf1 {[%clk 0:17:07]} Nc5 {[%clk 0:22:56]} 62. Ne3+
{[%clk 0:17:25]} Kg5 {[%clk 0:22:47]} 63. Kd1 {[%clk 0:17:21]} 1-0

[Event "MP do 18 lat - chlopcy"]
[Site "Sypniewo"]
[Date "2022.03.20"]
[Round "2.9"]
[White "Fiedorek, Michal"]
[Black "Czechowski, Jakub"]
[Result "1-0"]
[BlackElo "2036"]
[WhiteElo "2317"]
[LiveChessVersion "1.4.8"]

1. e4 {[%clk 1:30:56]} e5 {[%clk 1:30:54]} 2. Nf3 {[%clk 1:31:21]} Nc6
{[%clk 1:31:20]} 3. Bb5 {[%clk 1:31:40]} a6 {[%clk 1:31:47]} 4. Ba4
{[%clk 1:32:03]} Nf6 {[%clk 1:32:12]} 5. O-O {[%clk 1:32:21]} Be7
{[%clk 1:32:40]} 6. Re1 {[%clk 1:32:16]} b5 {[%clk 1:33:05]} 7. Bb3
{[%clk 1:32:41]} O-O {[%clk 1:33:31]} 8. a4 {[%clk 1:30:47]} Rb8 {[%clk 1:33:48]}
9. axb5 {[%clk 1:14:44]} axb5 {[%clk 1:34:10]} 10. c3 {[%clk 1:00:18]} d6
{[%clk 1:34:34]} 11. d4 {[%clk 0:59:07]} exd4 {[%clk 1:34:59]} 12. cxd4
{[%clk 0:58:36]} d5 {[%clk 1:35:23]} 13. e5 {[%clk 0:44:40]} Ne4 {[%clk 1:35:49]}
14. Nc3 {[%clk 0:44:25]} Nxc3 {[%clk 1:36:14]} 15. bxc3 {[%clk 0:44:50]} Bf5
{[%clk 1:36:42]} 16. Ra6 {[%clk 0:40:26]} Qd7 {[%clk 1:35:07]} 17. Bg5
{[%clk 0:37:40]} Bxg5 {[%clk 1:30:09]} 18. Nxg5 {[%clk 0:38:05]} h6
{[%clk 1:23:11]} 19. Nf3 {[%clk 0:38:15]} Rfd8 {[%clk 1:13:35]} 20. Qd2
{[%clk 0:35:04]} Be4 {[%clk 1:07:08]} 21. Qf4 {[%clk 0:32:57]} Ra8 22. Rea1
{[%clk 0:26:18]} Rxa6 {[%clk 1:02:45]} 23. Rxa6 {[%clk 0:26:42]} Ne7
{[%clk 1:01:20]} 24. e6 {[%clk 0:24:06]} Ng6 {[%clk 0:51:37]} 25. Qxe4
{[%clk 0:23:02]} 1-0

[Event "MP do 18 lat - chlopcy"]
[Site "Sypniewo"]
[Date "2022.03.20"]
[Round "2.10"]
[White "Lenart, Jakub"]
[Black "Kacprzak, Kacper"]
[Result "0-1"]
[BlackElo "2248"]
[WhiteElo "1792"]
[LiveChessVersion "1.4.8"]

1. d4 {[%clk 1:28:36]} Nf6 {[%clk 1:30:51]} 2. c4 {[%clk 1:28:26]} e6
{[%clk 1:31:14]} 3. Nc3 {[%clk 1:28:33]} Bb4 {[%clk 1:31:37]} 4. Qc2
{[%clk 1:28:59]} O-O {[%clk 1:27:26]} 5. a3 {[%clk 1:28:15]} Bxc3+
{[%clk 1:27:15]} 6. Qxc3 {[%clk 1:28:37]} b6 {[%clk 1:22:28]} 7. Nf3
{[%clk 1:27:11]} Bb7 {[%clk 1:21:12]} 8. g3 {[%clk 1:25:31]} d6 {[%clk 1:18:54]}
9. Bg2 {[%clk 1:23:03]} Nbd7 {[%clk 1:16:09]} 10. O-O {[%clk 1:20:45]} Qe7
{[%clk 1:15:17]} 11. Re1 {[%clk 1:18:29]} c5 {[%clk 1:07:40]} 12. b3
{[%clk 1:14:36]} Rac8 {[%clk 1:04:32]} 13. Bb2 {[%clk 0:55:38]} Rfd8
{[%clk 0:49:52]} 14. Rac1 {[%clk 0:43:27]} cxd4 {[%clk 0:34:30]} 15. Qxd4
{[%clk 0:39:16]} e5 {[%clk 0:31:11]} 16. Qh4 {[%clk 0:35:57]} Nc5
{[%clk 0:26:03]} 17. b4 {[%clk 0:34:18]} Ne6 {[%clk 0:24:14]} 18. Ng5
{[%clk 0:22:18]} Bxg2 {[%clk 0:23:05]} 19. Nxe6 {[%clk 0:20:15]} Qxe6
{[%clk 0:21:55]} 20. Kxg2 {[%clk 0:20:13]} Rd7 {[%clk 0:17:28]} 21. Rc3
{[%clk 0:13:50]} h6 {[%clk 0:14:22]} 22. Rec1 {[%clk 0:12:08]} Rdc7
{[%clk 0:13:51]} 23. f3 {[%clk 0:10:53]} Kf8 {[%clk 0:08:45]} 24. a4
{[%clk 0:07:40]} Qe8 {[%clk 0:06:20]} 25. a5 {[%clk 0:05:06]} bxa5
{[%clk 0:04:39]} 26. bxa5 {[%clk 0:05:34]} Qa4 {[%clk 0:04:15]} 27. Ba3
{[%clk 0:05:30]} Rc6 {[%clk 0:03:27]} 28. c5 {[%clk 0:04:34]} Qxh4
{[%clk 0:03:26]} 29. cxd6 {[%clk 0:04:52]} Qa4 {[%clk 0:00:42]} 30. d7+
{[%clk 0:05:07]} Kg8 {[%clk 0:00:51]} 31. dxc8=Q+ {[%clk 0:04:56]} Rxc8
{[%clk 0:01:19]} 32. Rxc8+ {[%clk 0:05:19]} Kh7 {[%clk 0:01:47]} 33. Bc5
{[%clk 0:03:39]} Qxa5 {[%clk 0:01:43]} 34. Bf2 {[%clk 0:03:45]} Qb5
{[%clk 0:01:19]} 35. R1c2 {[%clk 0:03:33]} a6 {[%clk 0:01:07]} 36. R8c5
{[%clk 0:03:36]} Qb1 {[%clk 0:00:52]} 37. e4 {[%clk 0:02:40]} Qb8
{[%clk 0:00:38]} 38. Ra2 {[%clk 0:02:09]} Nd7 {[%clk 0:00:44]} 39. Rca5
{[%clk 0:02:09]} Nf8 {[%clk 0:00:38]} 40. Rxa6 {[%clk 0:31:30]} Ne6
{[%clk 0:30:54]} 41. Ra7 {[%clk 0:26:18]} f6 {[%clk 0:25:17]} 42. R2a6
{[%clk 0:25:46]} Qb3 {[%clk 0:24:04]} 43. Re7 {[%clk 0:17:08]} Nd4
{[%clk 0:11:30]} 44. Rxf6 {[%clk 0:15:39]} Qc2 {[%clk 0:10:22]} 45. Rff7
{[%clk 0:15:02]} Qe2 {[%clk 0:10:12]} 46. Rd7 {[%clk 0:09:53]} Kh8
{[%clk 0:08:40]} 47. g4 {[%clk 0:03:40]} Ne6 {[%clk 0:06:08]} 48. Kg3
{[%clk 0:01:59]} Qf1 {[%clk 0:05:58]} 49. Be3 {[%clk 0:00:42]} Qe1+
{[%clk 0:06:18]} 50. Bf2 {[%clk 0:01:07]} Qf1 {[%clk 0:06:44]} 51. Rd2
{[%clk 0:00:33]} Ng5 {[%clk 0:06:30]} 52. Rf8+ {[%clk 0:00:47]} Kh7
{[%clk 0:06:56]} 53. Bc5 {[%clk 0:00:33]} Ne6 {[%clk 0:04:29]} 54. Rf5
{[%clk 0:00:32]} Nxc5 {[%clk 0:04:45]} 55. Rxe5 {[%clk 0:00:36]} Qe1+
{[%clk 0:04:37]} 56. Kh3 {[%clk 0:00:39]} Qxd2 {[%clk 0:04:29]} 57. Rxc5
{[%clk 0:01:01]} Qe3 {[%clk 0:04:41]} 58. Rf5 {[%clk 0:00:39]} g6
{[%clk 0:05:03]} 59. Rf7+ {[%clk 0:00:33]} Kg8 {[%clk 0:05:29]} 60. Rf6
{[%clk 0:01:00]} Kg7 {[%clk 0:05:55]} 61. e5 {[%clk 0:00:50]} Qxe5
{[%clk 0:05:16]} 62. Rb6 {[%clk 0:01:03]} Qe3 {[%clk 0:05:20]} 63. Rb7+
{[%clk 0:01:25]} Kf6 {[%clk 0:05:47]} 64. Kg2 {[%clk 0:00:31]} Qe2+
{[%clk 0:06:11]} 65. Kg3 {[%clk 0:00:45]} Qe1+ {[%clk 0:05:44]} 66. Kg2
{[%clk 0:01:05]} Kg5 {[%clk 0:05:43]} 67. Rb2 {[%clk 0:00:49]} Kf4
{[%clk 0:05:41]} 68. Ra2 {[%clk 0:00:38]} Qd1 {[%clk 0:05:55]} 69. Rf2
{[%clk 0:00:00]} 0-1

[Event "MP do 18 lat - chlopcy"]
[Site "Sypniewo"]
[Date "2022.03.20"]
[Round "2.11"]
[White "Redzisz, Michal"]
[Black "Panek, Bartosz"]
[Result "1/2-1/2"]
[BlackElo "2010"]
[WhiteElo "2223"]
[LiveChessVersion "1.4.8"]

1. d4 {[%clk 1:30:58]} Nf6 {[%clk 1:29:21]} 2. c4 {[%clk 1:31:21]} e6
{[%clk 1:29:46]} 3. Nc3 {[%clk 1:26:49]} d5 {[%clk 1:30:08]} 4. cxd5
{[%clk 1:27:16]} Nxd5 {[%clk 1:30:33]} 5. e4 {[%clk 1:20:09]} Nxc3
{[%clk 1:30:56]} 6. bxc3 {[%clk 1:20:38]} c5 {[%clk 1:31:17]} 7. Nf3
{[%clk 1:08:39]} cxd4 {[%clk 1:31:39]} 8. cxd4 {[%clk 1:09:07]} Bb4+
{[%clk 1:31:59]} 9. Bd2 {[%clk 1:09:33]} Bxd2+ {[%clk 1:32:22]} 10. Qxd2
{[%clk 1:10:00]} O-O 11. Bc4 {[%clk 1:08:15]} b6 {[%clk 1:32:31]} 12. O-O
{[%clk 1:02:48]} Bb7 {[%clk 1:32:35]} 13. d5 {[%clk 1:00:45]} exd5
{[%clk 1:29:31]} 14. Bxd5 {[%clk 1:00:43]} Nc6 {[%clk 1:20:51]} 15. Rac1
{[%clk 0:56:35]} Rc8 {[%clk 1:16:46]} 16. Rfd1 {[%clk 0:55:53]} Qe7
{[%clk 1:14:30]} 17. Qf4 {[%clk 0:49:06]} Nb4 {[%clk 1:04:46]} 18. Rxc8
{[%clk 0:47:22]} Rxc8 {[%clk 0:44:00]} 19. Bb3 {[%clk 0:28:48]} Bxe4
{[%clk 0:08:35]} 20. Ne5 {[%clk 0:16:16]} Nd3 {[%clk 0:08:34]} 21. Qg4
{[%clk 0:11:24]} Rf8 {[%clk 0:08:27]} 22. Nxf7 {[%clk 0:03:11]} Nc5
{[%clk 0:02:15]} 23. Nh6+ {[%clk 0:03:06]} Kh8 {[%clk 0:02:40]} 24. Nf7+
{[%clk 0:03:35]} Kg8 {[%clk 0:02:59]} 25. Nh6+ {[%clk 0:00:54]} Kh8
{[%clk 0:03:23]} 26. Nf7+ {[%clk 0:01:23]} 1/2-1/2

[Event "MP do 18 lat - chlopcy"]
[Site "Sypniewo"]
[Date "2022.03.20"]
[Round "2.12"]
[White "Luberanski, Jakub"]
[Black "Kitewski, Bartosz"]
[Result "1-0"]
[BlackElo "1870"]
[WhiteElo "2211"]
[LiveChessVersion "1.4.8"]

1. e4 {[%clk 1:30:57]} e6 {[%clk 1:30:56]} 2. d4 {[%clk 1:31:23]} d5
{[%clk 1:31:22]} 3. e5 {[%clk 1:31:49]} c5 {[%clk 1:31:45]} 4. c3
{[%clk 1:32:17]} Qb6 {[%clk 1:29:17]} 5. Nf3 {[%clk 1:32:39]} Bd7
{[%clk 1:28:38]} 6. Na3 {[%clk 1:31:09]} Nc6 {[%clk 1:28:37]} 7. Nc2
{[%clk 1:31:27]} Nge7 {[%clk 1:26:37]} 8. Bd3 {[%clk 1:30:55]} Rc8
{[%clk 1:24:49]} 9. O-O {[%clk 1:29:21]} Na5 {[%clk 1:23:18]} 10. dxc5
{[%clk 1:13:56]} Qc7 {[%clk 1:23:15]} 11. b4 {[%clk 1:13:38]} Nc4
{[%clk 1:22:47]} 12. Qe2 {[%clk 1:02:55]} Ng6 {[%clk 1:19:01]} 13. Bxc4
{[%clk 0:59:10]} dxc4 {[%clk 1:19:27]} 14. Ncd4 {[%clk 0:59:33]} b6
{[%clk 1:15:47]} 15. cxb6 {[%clk 0:57:33]} axb6 {[%clk 1:16:00]} 16. a4
{[%clk 0:56:51]} Ra8 {[%clk 1:14:34]} 17. Qe4 {[%clk 0:56:08]} Ra7
{[%clk 1:10:25]} 18. Be3 {[%clk 0:50:09]} Bxa4 {[%clk 1:02:15]} 19. b5
{[%clk 0:46:50]} Ne7 {[%clk 1:00:35]} 20. Bg5 {[%clk 0:28:41]} Ra5
{[%clk 0:28:21]} 21. Bxe7 {[%clk 0:25:15]} Bxe7 {[%clk 0:28:19]} 22. Nc6
{[%clk 0:25:34]} Qb7 {[%clk 0:28:15]} 23. Qxc4 {[%clk 0:22:41]} Bxb5
{[%clk 0:16:38]} 24. Nxa5 {[%clk 0:23:06]} Qa6 {[%clk 0:16:48]} 25. Qc7
{[%clk 0:17:59]} Bd8 {[%clk 0:16:51]} 26. Qxd8+ {[%clk 0:15:39]} Kxd8
{[%clk 0:17:04]} 27. Nc6+ {[%clk 0:16:06]} Kc7 {[%clk 0:13:00]} 28. Rxa6
{[%clk 0:16:30]} Bxa6 {[%clk 0:13:26]} 29. Ra1 {[%clk 0:16:54]} 1-0

[Event "MP do 18 lat - chlopcy"]
[Site "Sypniewo"]
[Date "2022.03.20"]
[Round "2.13"]
[White "Haliniak, Wojciech"]
[Black "Grzesik, Gracjan"]
[Result "0-1"]
[BlackElo "2208"]
[WhiteElo "1751"]
[LiveChessVersion "1.4.8"]

1. e4 {[%clk 1:30:56]} c5 {[%clk 1:30:54]} 2. Nf3 {[%clk 1:31:19]} d6
{[%clk 1:31:12]} 3. d4 {[%clk 1:31:39]} Nf6 {[%clk 1:30:48]} 4. Bb5+
{[%clk 1:24:27]} Bd7 {[%clk 1:29:20]} 5. Bxd7+ {[%clk 1:21:42]} Qxd7
{[%clk 1:28:44]} 6. Qe2 {[%clk 1:17:31]} cxd4 {[%clk 1:25:34]} 7. Nxd4
{[%clk 1:17:50]} Nc6 {[%clk 1:23:37]} 8. Nb3 {[%clk 1:17:51]} g6 {[%clk 1:22:24]}
9. c4 {[%clk 1:13:28]} Bg7 {[%clk 1:19:20]} 10. Nc3 {[%clk 1:12:18]} O-O
{[%clk 1:17:00]} 11. O-O {[%clk 1:02:02]} Rfc8 {[%clk 1:14:44]} 12. Rd1
{[%clk 1:01:37]} b6 {[%clk 1:09:27]} 13. c5 {[%clk 0:49:14]} bxc5
{[%clk 1:06:29]} 14. Nxc5 {[%clk 0:49:26]} Qc7 {[%clk 1:02:05]} 15. Na6
{[%clk 0:48:39]} Qb7 {[%clk 0:45:10]} 16. f3 {[%clk 0:47:13]} Ne5
{[%clk 0:31:42]} 17. Qb5 {[%clk 0:45:21]} Qb6+ {[%clk 0:26:14]} 18. Qxb6
{[%clk 0:44:56]} axb6 {[%clk 0:26:37]} 19. Nb4 {[%clk 0:45:21]} Nc4
{[%clk 0:17:53]} 20. Nd3 {[%clk 0:44:23]} e6 {[%clk 0:11:54]} 21. Bd2
{[%clk 0:31:53]} Ne8 {[%clk 0:06:43]} 22. Rac1 {[%clk 0:24:08]} Nxd2
{[%clk 0:06:03]} 23. Rxd2 {[%clk 0:24:37]} Bd4+ {[%clk 0:06:19]} 24. Kf1
{[%clk 0:24:59]} Be3 {[%clk 0:06:40]} 25. Ke2 {[%clk 0:25:21]} Bxd2
{[%clk 0:07:05]} 26. Kxd2 {[%clk 0:25:48]} Kf8 {[%clk 0:06:54]} 27. Ra1
{[%clk 0:20:13]} Ke7 {[%clk 0:06:39]} 28. a4 {[%clk 0:20:05]} Nf6
{[%clk 0:05:09]} 29. b4 {[%clk 0:19:05]} Rc4 {[%clk 0:04:27]} 30. a5
{[%clk 0:17:45]} bxa5 {[%clk 0:04:25]} 31. bxa5 {[%clk 0:18:02]} d5
{[%clk 0:04:04]} 32. exd5 {[%clk 0:15:57]} Nxd5 {[%clk 0:04:17]} 33. Nb5
{[%clk 0:14:11]} f6 {[%clk 0:01:13]} 34. a6 {[%clk 0:11:40]} Nc7 {[%clk 0:00:56]}
35. Nxc7 {[%clk 0:11:15]} Rxc7 {[%clk 0:01:25]} 36. Nb4 {[%clk 0:10:39]} Kd6
{[%clk 0:01:21]} 37. Kd3 {[%clk 0:10:35]} Rb8 {[%clk 0:00:55]} 38. Ra5
{[%clk 0:07:37]} h5 {[%clk 0:00:36]} 39. Nc2 {[%clk 0:05:44]} e5 {[%clk 0:00:33]}
40. Na3 {[%clk 0:35:33]} Rc5 {[%clk 0:30:32]} 41. Nc4+ {[%clk 0:32:52]} Kc6
{[%clk 0:25:30]} 42. Ra4 {[%clk 0:31:05]} Kb5 {[%clk 0:19:27]} 43. Ra5+
{[%clk 0:25:35]} Kb4 {[%clk 0:17:52]} 44. Ra1 {[%clk 0:24:55]} Rd8+
{[%clk 0:17:13]} 45. Nd6 {[%clk 0:25:13]} Rxd6+ {[%clk 0:17:10]} 46. Ke2
{[%clk 0:25:28]} Ra5 {[%clk 0:16:30]} 0-1